000 00360cam a2200157 4500
001 D12364
008 090401t1938 xxu||||| |||| 00| 0 eng d
035 _a(Sirsi) u2913
041 _aeng
100 _aCave, J. Otway
245 4 _aThe student`s handbook. Vols 1 & 2
260 _bEstates Gazette
_c1938
350 _a0
942 _n0
948 _c04/03/1997
999 _c85834
_d85834